000 00651nam a2200229Ia 4500
003 OSt
005 20221005073816.0
006 a|||||r|||| 00| 0
007 ta
008 221004b |||||||| |||| 00| 0 urd d
024 _a19888
037 _bGift, 26/06/2015,
_cTextual
040 _aCRL
_cCRL
_burd
041 _2urd
_aurd
082 _aO168,1M76:g(W), Q3
100 _aIqbal Zafar
_9608300
245 0 _aIqbal ke siyasi afkar
260 _aNew Delhi
_bIqbal Publication India
_c2013
650 _aURDU LITERATURE
942 _hO168,1M76:g(W), Q3
_cTEXL
_2cc
999 _c981711
_d981711